Prepojenie teórie a praxe z pohľadu zamestnávateľských subjektov absolventov Farmaceutickej fakulty a Prírodovedeckej fakulty Univerzity Komenského v Bratislave

Zisťovanie názorov zamestnávateľských subjektov na prepojenie teórie a praxe vysokoškolského vzdelávania vo všeobecnosti a osobitne vzdelávania na Farmaceutickej a Prírodovedeckej fakulte UK v Bratislave.

Salvato in:
Dettagli Bibliografici
Autore principale: Breveníková, Daniela
Natura: Capitolo di libro
Lingua:slovacco
Soggetti:
Tags: Aggiungi Tag
Nessun Tag, puoi essere il primo ad aggiungerne!!

MARC

LEADER 00000naa$a2200000$$$4500
001 0192443
005 20240502073229.5
041 0 |a slo 
044 |a SK 
245 1 0 |a Prepojenie teórie a praxe z pohľadu zamestnávateľských subjektov absolventov Farmaceutickej fakulty a Prírodovedeckej fakulty Univerzity Komenského v Bratislave  |c Daniela Breveníková 
520 |a Zisťovanie názorov zamestnávateľských subjektov na prepojenie teórie a praxe vysokoškolského vzdelávania vo všeobecnosti a osobitne vzdelávania na Farmaceutickej a Prírodovedeckej fakulte UK v Bratislave. 
610 2 0 |a univerzity 
610 2 0 |a školy vysoké 
610 2 0 |a vzdelávanie vysokoškolské 
610 2 0 |a programy študijné 
610 2 0 |a výučba vedecká 
610 2 0 |a škola a prax 
100 1 |a Breveníková, Daniela